|
|
|
|
| LEADER |
00000nab a2200000 a 4500 |
| 001 |
vtls000916784 |
| 003 |
SK-MaSNL |
| 005 |
20260302173638.0 |
| 008 |
040720e19921110xo 0 slo |
| 035 |
|
|
|a KE25664
|
| 040 |
|
|
|a KEVKJB
|b slo
|c KEVKJB
|e AACR2
|
| 041 |
0 |
|
|a slo
|
| 044 |
|
|
|a xo
|c SK
|
| 080 |
|
|
|a 669.1
|2 1981
|
| 080 |
|
|
|a 681.3
|2 1981
|
| 100 |
0 |
|
|a (lš)
|4 aut
|9 880803
|
| 245 |
1 |
0 |
|a Superpočítače pre VSŽ
|
| 518 |
|
|
|a 9.11.1992
|
| 610 |
2 |
7 |
|a Digital Equipment Corporation (USA)
|2 KEVKJB
|9 881879
|
| 650 |
0 |
7 |
|a Procesná automatizácia VSŽ a.s.
|2 KEVKJB
|9 881235
|
| 650 |
0 |
7 |
|a kontrakty
|2 KEVKJB
|9 771405
|
| 650 |
0 |
7 |
|a podpísanie
|2 KEVKJB
|9 878394
|
| 650 |
0 |
7 |
|a výsledky budúce
|2 KEVKJB
|9 881880
|
| 650 |
0 |
7 |
|a konkurencieschopnosť technická budúca
|2 KEVKJB
|9 881881
|
| 650 |
0 |
7 |
|a informácie
|2 KEVKJB
|9 1285
|
| 651 |
|
7 |
|a KE,
|2 KEVKJB
|9 877256
|
| 655 |
|
7 |
|a periodikum
|2 snkbucl
|9 29553
|
| 710 |
2 |
|
|a Digital Equipment Corporation (USA)
|4 aut
|9 881879
|
| 773 |
0 |
8 |
|t Slovenský východ
|g Roč. 2
|g Roč. 20, č.265, 10.11.1992, s. 2
|
| 852 |
|
|
|a ZVYKNI
|b KIS3GCP
|
| 999 |
|
|
|c 1402012
|d 1403942
|